000
00272nam a2200121Ia 4500
008
191201s2007 xx 000 0 und d
100
_a
DWIVEDI, D N
245
0
_a
Managerial Economics
260
_a
N. Delhi
_b
Vikas
_c
2007
300
_a
650
650
_a
MBA
942
_2
ddc
_c
BK
999
_c
196
_d
196